000
00309nam a2200121Ia 4500
005
20251222144634.0
008
251222s9999||||xx |||||||||||||| ||spa||
082
_a
246.45/B21
100
_a
Bambarén Gastelumendi, Luis
245
0
_a
La Vida y El Imperialismo Anticonceptivo
264
_b
Latina
942
_c
LIB
999
_c
16410
_d
16410